000 00641nam a2200241Ia 4500
003 OSt
005 20221005031744.0
006 a|||||r|||| 00| 0
007 ta
008 221004b |||||||| |||| 00| 0 tam d
024 _a64103
037 _cTextual
040 _aCRL
_cCRL
_btam
041 _2tam
_atam
082 _aO31,3N12,5, L5;9
100 _aMu.Varatharasan Au.
_9584255
245 0 _aMalar Vizhi
260 _aChennai
_bPaari Nilayam India
_c1975
300 _a282p.
_ccm.
650 _aTAMIL LITERATURE
942 _hO31,3N12,5, L5;9
_cTEXL
_2cc
999 _c938396
_d938396